Rural banking and overdues management / (Record no. 66346)

MARC details
000 -LEADER
fixed length control field 00444nam a22001457a 4500
005 - DATE AND TIME OF LATEST TRANSACTION
control field 20180721110031.0
020 ## - INTERNATIONAL STANDARD BOOK NUMBER
International Standard Book Number 8170999405
Terms of availability 00.00
035 ## - SYSTEM CONTROL NUMBER
System control number B-160893,B-160890
037 ## - SOURCE OF ACQUISITION
Stock number DPL
Source of stock number/acquisition ENG
245 ## - TITLE STATEMENT
Title Rural banking and overdues management /
Statement of responsibility, etc edited by A. Ranga Reddy
260 ## - PUBLICATION, DISTRIBUTION, ETC. (IMPRINT)
Place of publication, distribution, etc New Delhi
Name of publisher, distributor, etc Mittal Publications
Date of publication, distribution, etc 200?
300 ## - PHYSICAL DESCRIPTION
Extent xii, 262p.
Dimensions 20 cms.
700 ## - ADDED ENTRY--PERSONAL NAME
Personal name Reddy, A. Ranga
9 (RLIN) 1327
942 ## - ADDED ENTRY ELEMENTS (KOHA)
Source of classification or shelving scheme Dewey Decimal Classification
Item type English Books
Classification part 332.1
Call number suffix RUR
Holdings
Withdrawn status Lost status Not for loan Collection code Home library Current library Date acquired Cost, normal purchase price Full call number Barcode Cost, replacement price Koha item type Source of acquisition
      Non-fiction Patel Nagar Patel Nagar 21/07/2018 0.00 332.1 RUR B-160890 0.00 English Books BPPD/Pub
      Non-fiction Sarojini Nagar Sarojini Nagar 08/05/2012 0.00 332.1 RUR B-160893 0.00 English Books  

© Delhi Public Library
Hit Counter
free hit counter